书目信息 |
| 题名: |
城市设计的100个策略
|
|
| 作者: | 佩尔, , 莫萨斯, 编 ;赵亮 译 | |
| 分册: | ||
| 出版信息: | 南京 江苏凤凰科学技术出版社 2018.01 |
|
| 页数: | 328页 | |
| 开本: | 33cm | |
| 丛书名: | ||
| 单 册: | ||
| 中图分类: | TU984.1 | |
| 科图分类: | ||
| 主题词: | 城市空间--cheng shi kong jian--建筑设计 | |
| 电子资源: | ||
| ISBN: | 978-7-5537-8650-6 | |
| 000 | 01062nam0 2200253 450 | |
| 001 | 0100001754 | |
| 005 | 20190611154127.48 | |
| 010 | @a978-7-5537-8650-6@b精装@dCNY328.00 | |
| 100 | @a20180130d2018 em y0chiy50 ea | |
| 101 | 1 | @achi@cspa |
| 102 | @aCN@b320000 | |
| 105 | @aa z 000yy | |
| 200 | 1 | @a城市设计的100个策略@Acheng shi she ji de 100 ge ce lue@d= 100 Strategies of urban design@f(西班牙) 奥罗拉·费尔南德斯·佩尔, 哈维尔·莫萨斯编@g赵亮译@zeng |
| 210 | @a南京@c江苏凤凰科学技术出版社@d2018.01 | |
| 215 | @a328页@c彩图@d33cm | |
| 330 | @a本图册重点介绍了城市设计的过程中城市公共空间的处理手法, 提出近百个设计策略, 并将这些设计策略归结为若干战术, 从解决城市设计中的问题的角度, 分析了不同问题所采取的不同策略。 | |
| 510 | 1 | @a100 Strategies of urban design@zeng |
| 606 | 0 | @a城市空间@Acheng shi kong jian@x建筑设计 |
| 690 | @aTU984.1@v5 | |
| 701 | 1 | @a佩尔,@Apei er@b奥罗拉·费尔南德斯@4编 |
| 701 | 1 | @a莫萨斯,@Amo sa si@b哈维尔@4编 |
| 702 | 0 | @a赵亮@Azhao liang@4译 |
| 801 | 0 | @aCN@c20180910 |
| 905 | @a河南城建学院图书馆@dTU984.1@eP423 | |
| 城市设计的100个策略= 100 Strategies of urban design/(西班牙) 奥罗拉·费尔南德斯·佩尔, 哈维尔·莫萨斯编/赵亮译.-南京:江苏凤凰科学技术出版社,2018.01 |
| 328页:彩图;33cm |
| ISBN 978-7-5537-8650-6(精装):CNY328.00 |
| 本图册重点介绍了城市设计的过程中城市公共空间的处理手法, 提出近百个设计策略, 并将这些设计策略归结为若干战术, 从解决城市设计中的问题的角度, 分析了不同问题所采取的不同策略。 |
| ● |
| 相关链接 |
|
|
|
正题名:城市设计的100个策略
索取号:TU984.1/P423
 
预约/预借
| 序号 | 登录号 | 条形码 | 馆藏地/架位号 | 状态 | 备注 |
| 1 | 1306209 | 213062095 | 建筑与城市规划学院资料室/ [索取号:TU984.1/P423] | 在馆 | |
| 2 | 1400542 | 214005422 | 建筑库201/201建筑库 62排1列3层/ [索取号:TU984.1/P423] | 在馆 |